Biblioteca

Dios como misterio del mundo (Registro nro. 70937)

Detalles MARC
000 -LÍDER
Campo fijo de descripción fija 01374nam a2200373 i 4500
001 - NÚMERO DE CONTROL
Campo de control 768714001
003 - IDENTIFICADOR DEL NÚMERO DE CONTROL
Campo de control CO-MdFUSB
005 - FECHA Y HORA DE LA ULTIMA TRANSACCIÓN
control field 20260326152143.0
007 - CAMPO FIJO DE DESCRIPCIÓN FIJA--INFORMACIÓN GENERAL
Campo fijo de descripción fija ta
008 - ELEMENTOS DE LONGITUD FIJA -- INFORMACIÓN GENERAL
Campo fijo de descripción fija -- Información general 240915t1984 sp ||||| |||| 001 0 spa d
020 ## - NÚMERO INTERNACIONAL NORMALIZADO PARA LIBROS
Número Internacional Normalizado del libro 84-301-0952-8
040 ## - FUENTE DE CATALOGACIÓN
Idioma de catalogación spa.
Agencia de catalogación original CO-MdFUSB
Agencia que realiza la transcripción CO-MdFUSB
Agencia que realiza la modificación CO-MdFUSBC
Convenciones de la descripción rda
041 ## - CÓDIGO DE IDIOMA
Código de idioma para texto/pista de sonido o título separado spa
Código de idioma original ger
082 ## - NÚMERO DE CLASIFICACIÓN DECIMAL DEWEY
Número de la edición del Dewey 23
Número de clasificación 231
Clave de autor-Numero de item J98
100 ## - ASIENTO PRINCIPAL--NOMBRE PERSONAL
Nombre personal Jüngel, Eberhard,
Fechas asociadas con el nombre 1934-2021
Término relacionador autor
240 ## - TITULO UNIFORME
Título uniforme <a href="Gott als geheimnis der welt.">Gott als geheimnis der welt.</a>
245 0# - TÍTULO
Título del Material Dios como misterio del mundo
Mención de responsabilidad, etc. / Eberhard Jüngel ; traducido por Fernando Carlos Vevia
264 #1 - PRODUCCIÓN, PUBLICACIÓN, DISTRIBUCIÓN, MANUFACTURA, Y COPYRIGHT
Lugar de producción, publicación, distribución, manufactura Salamanca, España :
Nombre del productor, publicador, distribuidor Sígueme,
Fecha de producción, publicación, distribución, manufactura, o copyright 1984
264 #4 - PRODUCCIÓN, PUBLICACIÓN, DISTRIBUCIÓN, MANUFACTURA, Y COPYRIGHT
Lugar de producción, publicación, distribución, manufactura ©1984
300 ## - DESCRIPCIÓN FÍSICA
Extensión 522 páginas
Dimensiones ; 21 cm
336 ## - TIPO DE CONTENIDO
Fuente rdacontent
Término de tipo de contenido texto
Código de tipo de contenido txt
337 ## - TIPO DE MEDIO
Fuente rdamedia
Nombre del tipo de medio sin mediación
Código del tipo de medio n
338 ## - TIPO DE SOPORTE
Fuente rdacarrier
Nombre del tipo de soporte volumen
Código Tipo de soporte nc
490 ## - MENCIÓN DE SERIE
Mención de serie Verdad e imagen,
500 ## - NOTA GENERAL
Nota General Incluye índice de nombres y de conceptos
505 ## - NOTA DE CONTENIDO
Nota de contenido con formato preestablecido El habla de la muerte de Dios en cuanto expresión de la aporía que afecta a la reflexión moderna sobre Dios. -- ¿Se puede pensar a Dios? -- ¿Se puede decir algo de Dios? -- Sobre la hominidad de Dios.
563 ## - NOTA DE ENCUADERNACIÓN
Nota de encuadernación Rústica
653 ## - TÉRMINO DE INDIZACIÓN - NO CONTROLADO
Término no controlado Dios — Teología cristiana
653 ## - TÉRMINO DE INDIZACIÓN - NO CONTROLADO
Término no controlado Teología sistemática
653 ## - TÉRMINO DE INDIZACIÓN - NO CONTROLADO
Término no controlado Doctrina de Dios
700 ## - ASIENTO SECUNDARIO - NOMBRE PERSONAL
Nombre personal Vevia Romero, Fernando Carlos,
9 (RLIN) 10685
Responsabilidad traductor
942 ## - TIPO DE MATERIAL (KOHA)
Tipo de Item KOHA Libros General
945 ## - INFORMACIÓN LOCAL DEL REGISTRO
Catalogador Catherine Arias Alvarez
Existencias
Estado de Material Estado de Perdido Forma de Clasificación Volumen-Parte/Tomo Estado de Dañado No para Préstamo Colección Tomo Biblioteca de Origen Biblioteca Permanente Fecha de Adquisición Área Total de Préstamos Signatura Topográfica Código de Barras Última vez visto Ejemplar/Existencia Fecha de Remplazo Tipo de Material
    Dewey Decimal Classification       Colección General   Biblioteca FUSBC Biblioteca FUSBC 16/09/2024 TEOLOGÍA CRISTIANA   G 231 J98d 25010 15/09/2024 Ej. 1 15/09/2024 Libros General

Biblioteca FUSBC | Teléfono: (57+4) 349 88 10 Ext. 141| WhatsApp (+57) 3005338115 
E-mail: biblioteca@unisbc.edu.co | Calle 76 87-14 Robledo Palenque, Medellín, Colombia

Con tecnología Koha